| 000 | 00630nam a2200205Ii 4500 | ||
|---|---|---|---|
| 001 | 4755 | ||
| 003 | CO-ViMGA | ||
| 008 | 241108s9999||||xx |||||||||||||| ||und|| | ||
| 040 |
_aCO-ViMGA _bspa _erda _cCO-ViMGA |
||
| 041 | 0 | _aunk | |
| 082 | 0 | 4 | _a633.74 F293c |
| 110 | 1 |
_aFederación Nacional de Cafeteros de Colombia, _920872 |
|
| 245 | 1 | 0 | _aEl cultivo de cacao |
| 264 | 1 | _a[Lugar de publicación no identificado] : La Federación, [199?] | |
| 300 | _avolumen | ||
| 336 |
_atext _btxt _2rdacontent |
||
| 337 |
_aunmediated _bn _2rdamedia |
||
| 338 |
_avolume _bnc _2rdacarrier |
||
| 940 | _aidficha_siabuc: 4634. -- ficha_no_siabuc:4755 | ||
| 999 |
_c55760 _d55760 |
||